List of papers published by the authors oh The Department of Physics and The Department of Chemistry in scientific journals , during 1990

Elmentve itt :
Bibliográfiai részletek
Dokumentumtípus: Cikk
Megjelent: 1990
Sorozat:Acta physica et chemica 36 No. 1-4
Kulcsszavak:Természettudomány, Fizika, Kémia
Online Access:http://acta.bibl.u-szeged.hu/24374
LEADER 00668nab a2200169 i 4500
001 acta24374
005 20210601101156.0
008 161017s1990 hu o 0|| eng d
022 |a 0001-6721 
040 |a SZTE Egyetemi Kiadványok Repozitórium  |b hun 
041 |a eng 
245 0 0 |a List of papers published by the authors oh The Department of Physics and The Department of Chemistry in scientific journals , during 1990  |h [elektronikus dokumentum] 
260 |c 1990 
300 |a 133-150 
490 0 |a Acta physica et chemica  |v 36 No. 1-4 
695 |a Természettudomány, Fizika, Kémia 
856 4 0 |u http://acta.bibl.u-szeged.hu/24374/1/phys_chem_036_133-150.pdf  |z Dokumentum-elérés